000 00768nam a2200205Ia 4500
005 20251020182618.0
008 200515s9999 xx 000 0 und d
082 _aSC/696.14:006.3/.8/P45
110 _aIninvi
245 0 _aInstalaciones: Especificaciones Técnicas- tomo 2
260 _aLima
260 _c1982
300 _a120
520 _aEspecificaciones técnicas divididas en dos partes. La primera tiene por objetivo establecer las características y requerimientos que deben cumplir los aparatos y accesorios de baño que se instalarán en la obra de edificación correspondientes a las licitac
650 _aAPARATOS SANITARIOS
650 _aESPECIFICACIONES TECNICAS
650 _aINSTALACIONES SANITARIAS
650 _aPUB ININVI
942 _cLIB
999 _c3556
_d3556